000 01711cam a22005054i 4500
003 PE-LiUPU
005 20250731165639.0
008 150616s r 000 0 d
035 _a(Sirsi) a6867
035 _a(Sirsi) a6867
040 _aPE-LiUPU
_bspa
_cPE-LiUPU
_erda
049 _aPRUA
082 0 4 _a225.077
_bNT
_221
100 1 _aBest, Ernest,
_eautor.
245 1 0 _aEphesians /
_cErnst Best.
264 1 _aSheffield, Englad :
_bJSOT Press,
_c1993.
300 _a100 páginas ;
_c21 cm.
336 _atext
_2rdacontent
337 _aunmediated
_2rdamedia
338 _avolume
_2rdacarrier
490 0 _aNew Testament Guides
505 0 _aIntroduction -- Critical questions -- Sketch of contents -- Leading themes -- Occasion and purpose.
526 _aSEG44
526 _aSEG26
526 _aP151
526 _aP150
526 _aP149
526 _aP146
526 _aP145
526 _aP126
526 _aP125
526 _aP92
526 _aP75
526 _aP74
526 _aP27
526 _aP15
630 _aBIBLIA.
_pN.T.
_pEFESIOS
_xCOMENTARIOS.
910 _ajck
_bjvq
_cjck
942 _2ddc
_cBOOK
949 _aRC 225.077 NT 49
_wDEWEY
_c1
_i40247
_lRC
_mBUL
_r0
_sY
_tBOOK
_u2015-6-16
_xTEOLOGIA
_zUNKNOWN
_0COMPRA
_o.CIRCNOTE. No olvidar cambiar la fecha de devolución!!!!!!!
_o.STAFF. Colección General
994 _aC0
_bPEPRU
596 _a1
999 _aRC 225.077 NT 49
_wDEWEY
_c58046
_i40247
_d58046
_f2021-11-8
_g6
_lCCODEBUL1
_mBUL
_q1
_r1
_sY
_tBOOK
_u2015-6-16
_xTEOLOGIA
_zUNKNOWN
_0COMPRA
_o.CIRCNOTE. No olvidar cambiar la fecha de devolución!!!!!!!
_o.STAFF. Colección General
980 _81
_gALBERTO SANCHEZ Responsable de Automatización